000
00357nam a2200133Ia 4500
008
151001s9999||||xx |||||||||||||| ||und||
100
_a
स्वेट मॉर्डेन
245
_a
भाग्य स्वयं बनाए
250
_a
1
260
_b
अविष्कार
260
_c
2007
300
_a
134
365
_b
21
999
_c
989643
_d
989640